000 00801nam a2200121Ia 4500
008 220615s9999||||xx |||||||||||||| ||und||
100 _aRoose, Joshua M.
245 0 _aChapter 4 Male Supremacism and Ideological Masculinity
546 _aEnglish[eng]
650 _aBrexit; Donald Trump; EU; ISIS; Islamic State; President Trump; UK; US; United Kingdom; United States; West; citizenship; demagogues; identity politics; jihad; leadership; liberal democracy; masculinity; moral vacuum; new demagogues;politics; populism; presidency;recruitment;religion;rights;social force;sociology;solidarity;terrorism
856 _uhttps://library.oapen.org/bitstream/20.500.12657/46308/1/9780429431197_oachapter4.pdf||https://library.oapen.org/bitstream/20.500.12657/46308/1/9780429431197_oachapter4.pdf
942 _cEB
999 _c17432
_d17432